| 000 | 00945nam a22002897a 4500 | ||
|---|---|---|---|
| 001 | 202 | ||
| 003 | FISKH | ||
| 005 | 20230303154743.0 | ||
| 008 | 230303b cb ||||| |||| 00| 0 eng d | ||
| 040 |
_aDLC _cDLC _dDLC _dFISKH _beng |
||
| 050 | 0 | 0 |
_aPZ7.T37154 _bCr 1960 |
| 082 | 0 | 0 |
_a815.54 _220 |
| 100 | 1 |
_aSelden, George, _d1929-1989. |
|
| 245 | 1 | 4 |
_aThe cricket in Times Square _c[by] George Selden [pseud.] Illustrated by Garth Williams. |
| 260 |
_aNew York _bSquare Fish _c2008 |
||
| 300 |
_a132 p. _bill. _c20 cm. |
||
| 505 | _aM | ||
| 520 | _aThe adventures of a country cricket who unintentionally arrives in New York and is befriended by Tucker Mouse and Harry Cat. | ||
| 521 | 8 |
_a780
_bLexile |
|
| 521 | 8 |
_aM
_bRaz-Plus |
|
| 650 | 1 |
_aCrickets _vFiction. |
|
| 650 | 1 |
_aMice _vFiction. |
|
| 650 | 1 |
_aCats _vFiction. |
|
| 651 | 1 |
_aNew York (N.Y.) _vFiction. |
|
| 906 |
_a7 _bcbc _corignew _du _eocip _f19 _gy-gencatlg |
||
| 942 |
_2ddc _cBK _n0 |
||
| 999 |
_c202 _d202 |
||